Para matar al lobo / (Registro nro. 11448)

Detalles MARC
000 -LIDER
fixed length control field 00958nam a22002897a 4500
001 - NÚMERO DE CONTROL
Identificador de número de control 0011410
003 - IDENTIFICACDOR DE NÚMERO DE CONTROL
control field DO-SdBNP
005 - DATE AND TIME OF LATEST TRANSACTION
control field 20180202112115.0
007 - CAMPOS FIJOS DE DESCRIPCIÓN FÍSICA
fixed length control field 0011410
008 - ELEMENTOS DE LONGITUD FIJA
fixed length control field 160919b 1990 cu||||| |||| 00| 0 spa d
040 ## - FUENTE DE CATALOGACIÓN
Agencia que crea de manera original el registro BPMSU
Idioma de catalogación spa
Agencia que realiza la transcripción BPMSU
092 ## - LOCALLY ASSIGNED DEWEY DECIMAL CALL NUMBER
Número de clasificación xxxxxxxx
Número de ítem (Cutter) xxxxxxxx
100 1# - ASIENTO PRINCIPAL -- NOMBRE PERSONAL
Nombre personal Travieso, Julio,
Fechas asociadas con el nombre 1940-
245 1# - MENCIÓN DE TITULO
Título Para matar al lobo /
Mención de responsabilidad Julio Travieso ; prólogo Imeldo Álvarez García ; edición José Rodríguez ; corrección María Elena Delgado, Tamara Torres
250 ## - MENCIÓN DE EDICION
Mención de edición 5a ed.
260 ## - PUBLICACIÓN, DISTRIBUCIÓN, ETC. (PIE DE IMPRENTA)
Lugar de publicación, distribución, etc La Habana, Cuba :
Nombre del editor, distribuidor, etc. Ediciones Unión ,
Fecha de publicación, distribución, etc 1990.
300 ## - DESCRIPCIÓN FÍSICA
Extensión 198 p. :
Dimensiones 21 cm.
490 1# - MENCIÓN DE SERIES
Mención de serie Contemporáneos
700 1# - ASIENTO SECUNDARIO -- NOMBRE PERSONAL
Nombre personal Rodríguez, José,
Mención de responsabilidad edición
700 1# - ASIENTO SECUNDARIO -- NOMBRE PERSONAL
Nombre personal Álvarez García, Imeldo,
Mención de responsabilidad prólogo
700 1# - ASIENTO SECUNDARIO -- NOMBRE PERSONAL
Nombre personal Delgado, María Elena,
Mención de responsabilidad corrección
700 1# - ASIENTO SECUNDARIO -- NOMBRE PERSONAL
Nombre personal Torres, Tamara,
Mención de responsabilidad corrección
830 #0 - ASIENTO SECUNDARIO DE SERIE--TÍTULO UNIFORME
Título uniforme Contemporáneas
942 ## - ADDED ENTRY ELEMENTS (KOHA)
Source of classification or shelving scheme Dewey Decimal Classification
Koha item type Libros
945 ## - INFORMACIÓN DE PROCESAMIENTO LOCAL
Información de procesamiento local Inventariado, 2018/ YL
956 ## - LOCAL ELECTRONIC LOCATION AND ACCESS (OCLC)
Nombre de host BTAVÁREZ
Número de acceso 10
Información de compresión 20161909
Trayectoria 0011410
Existencias
Withdrawn status Lost status Source of classification or shelving scheme Damaged status Not for loan Collection code Home library Current library Date acquired Source of acquisition Total Checkouts Barcode Date last seen Price effective from Koha item type
    Dewey Decimal Classification     Colección General Biblioteca Pública Metropolitana Salomé Ureña Biblioteca Pública Metropolitana Salomé Ureña 09/19/2016 Donación   BPMSU16090406 09/19/2016 09/19/2016 Libros